<?xml version="1.0" encoding="UTF-8"?>
<record
    xmlns:xsi="http://www.w3.org/2001/XMLSchema-instance"
    xsi:schemaLocation="http://www.loc.gov/MARC21/slim http://www.loc.gov/standards/marcxml/schema/MARC21slim.xsd"
    xmlns="http://www.loc.gov/MARC21/slim">

  <leader>00541nam a22001577a 4500</leader>
  <controlfield tag="005">20260511153933.0</controlfield>
  <controlfield tag="008">220314b        |||||||| |||| 00| 0 eng d</controlfield>
  <datafield tag="040" ind1=" " ind2=" ">
    <subfield code="c">SVYASA</subfield>
  </datafield>
  <datafield tag="100" ind1=" " ind2=" ">
    <subfield code="a">Monali D. Mathad</subfield>
    <subfield code="9">1371</subfield>
  </datafield>
  <datafield tag="245" ind1=" " ind2=" ">
    <subfield code="a">Effect of yoga on Psycho-Physical functioning of nursing students - Randomized wait-list controlled study</subfield>
  </datafield>
  <datafield tag="260" ind1=" " ind2=" ">
    <subfield code="a">Bengaluru</subfield>
    <subfield code="b">SVYASA</subfield>
    <subfield code="c">2018</subfield>
  </datafield>
  <datafield tag="300" ind1=" " ind2=" ">
    <subfield code="a">238 p.</subfield>
  </datafield>
  <datafield tag="856" ind1=" " ind2=" ">
    <subfield code="u">https://shodhganga.inflibnet.ac.in/handle/10603/216118</subfield>
  </datafield>
  <datafield tag="856" ind1=" " ind2=" ">
    <subfield code="u">https://elibraryofyoga.com/handle/123456789/1858</subfield>
  </datafield>
  <datafield tag="942" ind1=" " ind2=" ">
    <subfield code="c">T</subfield>
    <subfield code="n">0</subfield>
  </datafield>
  <datafield tag="952" ind1=" " ind2=" ">
    <subfield code="0">0</subfield>
    <subfield code="1">0</subfield>
    <subfield code="2">ddc</subfield>
    <subfield code="4">0</subfield>
    <subfield code="7">0</subfield>
    <subfield code="8">TH</subfield>
    <subfield code="a">SVYASA</subfield>
    <subfield code="b">SVYASA</subfield>
    <subfield code="c">R11.1F</subfield>
    <subfield code="d">2018-09-07</subfield>
    <subfield code="e">Department</subfield>
    <subfield code="p">T0110</subfield>
    <subfield code="r">2022-03-14 00:00:00</subfield>
    <subfield code="w">2022-03-14</subfield>
    <subfield code="y">T</subfield>
  </datafield>
  <datafield tag="999" ind1=" " ind2=" ">
    <subfield code="c">17696</subfield>
    <subfield code="d">17696</subfield>
  </datafield>
</record>
